Power Freaks Lyrics - Statistics

General Stats
  • This quiz has been taken 17 times
    16 since last reset
  • The average score is 18 of 31
Answer Stats
Answer % Correct
I know all the things that are {bad for me}
100%
I've been this way since {seventeen}
100%
'Round and 'round and around {we go} 'til I- x2
100%
I don't really care {what they say}, ay
94%
{Eighteen, nineteen}, 'til I'm in the grave
88%
How many times do I have to say {we're not enemies}?
88%
I know they don't want {smoke} with me
88%
I know all the things that are {bad for me}I don't really care what they say, ay x4
81%
I'm not from here, I'm from {the streets}
75%
'Round and around and around {we go} 'til I-
75%
Never run from no one but the {cops}
69%
Paid on the first, broke on the third, {I'm really with it}
69%
How many times do I have to say {we are enemies}?
63%
It's {who} I am
63%
Stay on the {curb} if you wait
63%
{Who} I am
63%
Sitting on the corner of the {block} with a hoodie
56%
Here, here, {I'm right here} x2
50%
They all {watching me}, I don't get gas
50%
Here, here, I'm {right}-
44%
Stop a n**** s***, all in the {scrimmage}
44%
Every time I leave outside my {pad}
38%
Got broad day {blast} with the man from the city (brr)
38%
Yeah, {I'm right here}
38%
You {won't ever be alone}
38%
Fist full of blood, face full of verse, cheeks full of {chunks}
31%
Play games, p****boy, {can't hate}
31%
'Til a n**** get popped, won't stop, pay the {big belly piggy}
31%
Raised from the dirt, blood on the {birth}
19%
Everybody knows I'm {like that}
6%
Wait 'til we've gone out my {bag}
6%
No matching quizzes found
Score Distribution
Percent of People with Each Score
Percentile by Number Answered
Your Score History
You have not taken this quiz since the last reset